000 00775cam a2200217 a 4500
001 000005131
005 20200929151603.0
008 970707s1996 es 000 p spa d
040 _aDO-SdBNP
_bspa
_cDLC
_dBNPHU
082 _aES861.44
_bG345n
100 1 _aGeoffroy Rivas, Pedro,
_d1908-1979.
_914692
245 1 4 _aLos Nietos del jaguar /
_cPedro Geoffroy Rivas.
260 _aSan Salvador :
_bConsejo Nacional para la Cultura y el Arte, (Concultura),
_c1996.
300 _a117 p. ;
_c22 cm.
490 1 _aBiblioteca básica de literatura salvadoreña
_v8
650 4 _aPoesía salvadoreña
_912306
650 4 _aLiteratura salvadoreña
_92929
830 0 _aBiblioteca básica de literatura salvadorena ;
_v8
_98991
910 _aCatalogación por copia / LC
049 _aBNGR
999 _c4934
_d4934